| 000 | 00529nam a2200193Ia 4500 | ||
|---|---|---|---|
| 008 | 101110s9999 xx 000 0 und d | ||
| 041 | _aENGLISH | ||
| 082 | _bSR21764 | ||
| 100 | _aShanbhag, Chachad | ||
| 245 | _aPathways' of Inorganic Chemistry (T.Y.B.Sc.) New | ||
| 365 | _b55 | ||
| 520 | _aChemistry | ||
| 546 | _aENGLISH | ||
| 630 | _aPathways' of Inorganic Chemistry (T.Y.B.Sc.) New | ||
| 650 | _aChemistry | ||
| 655 | _aChemistry | ||
| 730 | _aPathways' of Inorganic Chemistry (T.Y.B.Sc.) New | ||
| 942 | _cBOOK | ||
| 999 |
_c814603 _d814600 |
||